000 00659nam a2200193Ia 4500
005 20250508155845.0
008 008 250505s9999 xx 000 0 eng d
037 _aDissertations
040 _aFEDL
_beng
_cFEDL
041 _aeng
_2eng
084 _a511.02, VER/DI
_qFEDL
100 _aVerma Rajinder Nath
_9767698
245 0 _aInvestigation into the relationship between the attitude and the achievement in arithmetic of-class 9th boys of higher secondary schools of Delhi
260 _c1961
300 _a54p.
546 _aM.Ed. Dissertations, 1961 (Delhi University)
942 _cDIS
_h511.02, VER/DI
999 _c1359668
_d1359668